000 00358pab a2200157 454500
008 180718b2013 xxu||||| |||| 00| 0 eng d
100 _aLindley, Mark
245 _aModern economics as a would - be science
260 _c2013
300 _ap.1-22.
362 _aMar
650 _aEconomics
773 _aArtha Vijnana
908 _aN
909 _a103241
999 _c103237
_d103237